000 00610nam a22002177a 4500
003 UA-OsUOA
001 92679
007 ta
008 20121221b un ||||| |||| 00| 0 ukr d
090 _a82.09
_bБ 70
942 _cBK
040 _aUA-OsUOA
_brus
_cUA-OsUOA
_dUA-OsUOA
245 _aАлександр Блок в воспоминаниях современников
_bв двух томах
_cТ. 2
300 _a527 с.
955 _a4
041 _arus
080 _a82.09
260 _aМ.
_c1980
650 7 _a82 Література. Літературознавство
_2UDC
999 _c379032
_d379032